| 000 | 00442cam a2200181ua 4500 | ||
|---|---|---|---|
| 020 | _c1.25 | ||
| 041 |
_amal _h |
||
| 082 |
_a341.2 _bANN/NA |
||
| 100 | _aAnnie, Thayyil . | ||
| 245 |
_aNammude moulikavakashangal / _cAnnie Thayyil. _hTextual Documents |
||
| 260 |
_aEranakulam : _bScholar Book Stall , _c1962. |
||
| 300 | _a100 ; . | ||
| 365 | _a1.25 | ||
| 504 | _a | ||
| 942 | _cBK | ||
| 999 |
_c4508 _d4508 |
||